000 01632nam0a2200361 4500
001 RU\NLR\bibl\1380701
005 20250615193409.0
010 _a978-5-93299-133-6
_9210
021 _aRU
_b2009-29818
_91786
035 _a(nilc)EL/0000259097
035 _a(NLR Aleph) 001372789
090 _a1052365
_c1052365
100 _a20090409d2009 |||y0rusy50 ca
101 0 _arus
102 _aRU
105 _aa z |||||
106 _ar
200 1 _aАктивизация инновационного процесса в регионе
_e[монография]
_fС.В. Теребова, Е.С. Губанова
_gУчреждение Рос. акад. наук, Волог. науч.-координац. центр ЦЭМИ РАН, Фил. С.-Петерб. гос. инж.-экон. ун-та в г. Вологде
210 _aВологда
_cВНКЦ ЦЭМИ РАН
_d2009
215 _a176, [2] с.
_cил., табл.
_d20
320 _aБиблиогр.: с. 163-173 (175 назв.)
606 1 _aИнновационная деятельность
_yВологодская область
_92558414
_3RU\NLR\auth\661513527
686 _a65.9(2Рос)-551
_vLBC/M
_2rubbk
686 _aУ9(2)-55(2Р-4Вол)
700 1 _aТеребова
_bС. В.
_gСветлана Викторовна
_4070
701 1 _aГубанова
_bЕ. С.
_gЕлена Сергеевна
_4070
801 0 _aRU
_bВологодская ОУНБ
_c20090409
_grcr
801 1 _aRU
_bВологодская ОУНБ
_c20090409
801 2 _aRU
_bNLR
_c20090615
_grcr
830 _aавт. по кн.
942 _cBOOK
980 _aNB